| 000 | 00502nam a2200169 a 4500 | ||
|---|---|---|---|
| 001 | 000016711 | ||
| 005 | 20200929164942.0 | ||
| 008 | 100310s1984 dr a 000 0 spa d | ||
| 040 |
_aDO-SdBNP _bspa _cBNPHU |
||
| 082 |
_axxx _bC69k |
||
| 100 | 1 |
_aColl Gilabert, Jorge _937059 |
|
| 245 | 1 | 0 |
_aKréyól : _bcuaderno de ejercicios gramaticales / _cJorge Coll Gilabert. |
| 250 | _a3a ed. | ||
| 260 |
_aSanto Domingo : _bInstituto de Catequesis, _c1984. |
||
| 300 |
_a28 p. : _bil. ; _c23 cm. |
||
| 049 | _aBNPD | ||
| 999 |
_c16243 _d16243 |
||